000 00744nam a2200205Ia 4500
003 GCL
005 20240530105103.0
008 140319s9999 xx 000 0 ara d
040 _aGCL /
_cGCL
082 0 4 _a415
_bم م
100 1 _aمحمود عبدالسلام شرف الدين
245 1 0 _aمقدمات التأليف ونظرات فى المنهج /
_cمحمود عبدالسلام شرف الدين
260 _a[S.N] :
_bلجنة الاعلام والدراسات المستقبلية ،
_c1988
300 _a261 ص؛
_b24 سم
650 0 4 _aالنحو
650 0 4 _aاللغة العربية
650 0 4 _aقواعد اللغة العربية
700 1 _aمحمود عبدالسلام شرف الدين
942 _2ddc
_cBK
999 _c53054
_d53054